00620nam a2200181Ia 4500003000900000008004100009020002200050040001600072080002300088100002000111245013800131260003700269300001600306490005100322650003100373650001200404650002200416IN-BaIIA211028s9999 xx 000 0 eng d a978-1-4020-1189-4 cIIA Library a52(082.1)bASS-286 aUdias, Augustin 0aSearching the heavens and the earthbthe history of jesuit observatoriescAugustin Udias  aDordrechtbKluwer Academicc2003 axiii, 369p. aAstrophysics and space science library; v. 286 aAstronomical observatoties aHistory aJesuit scientists